00513nam a22001697a 450000500170000001000150001702000260003203500140005803700130007208200160008510000190010124500470012025000090016726000380017627001070021430000220032120220216162617.0 aENG-130117 a9788179665084c490.00 aEN-113649 bDBAD/PUB a333.9100954 aKamaraj, A. C. aTowards the Second Freedom:cA. C. Kamaraj a2019 bEmerald Publishersc2019aChennai a15A, First Floor, Casa Major Road EgmorebChennaie600008k+91 44 28193206minfo@emeraldpublishers.com a458p.c22cm (pbk)